Все города Казахстана - Statistics

General Stats
  • This quiz has been taken 395 times
  • The average score is 28 of 89
Answer Stats
Регион Город % Correct
Город РеспубликанскогоЗначения Алма-Ата/Алмата/Алматы/Алма-Аты
98%
Город Республиканского значения Астана
98%
Павлодарская область Павлодар
93%
Карагандинская область Караганда
92%
Актюбинская область Актобе
89%
Атырауская область Атырау
89%
Костанайская область Костанай
89%
Город Республиканского значения Шымкент
88%
Кызылординская область Кызылорда
88%
Мангистауская область Актау
79%
Туркестанская область Туркестан
78%
Абайская область Семей
74%
Жамбылская область Тараз
70%
Западно-Казахстанскаяобласть Уральск
66%
Восточно-КазахстанскаяОбласть Усть-Каменогорск
64%
Северо-Казахстанская область Петропавловск
61%
Акмолинская область Кокшетау
60%
Жетысуская область Талдыкорган
50%
Улытауская область Жезказган
49%
Карагандинская область Абай
49%
Актюбинская область Темир
46%
Павлодарская область Экибастуз
40%
Карагандинская область Темиртау
39%
Мангистауская область Жанаозен
38%
Карагандинская область Балхаш
36%
Жамбылская область Шу
36%
Алматинская область Конаев
35%
Костанайская область Рудный
33%
Кызылординская область Байконур
33%
Восточно-Казахстанская область Риддер
30%
Акмолинская область Щучинск
29%
Алматинская область Талгар
27%
Павлодарская область Аксу
26%
Акмолинская область Степногорск
25%
Костанайская область Аркалык
25%
Алматинская область Каскелен
24%
Абайская область Аягоз
24%
Восточно-Казахстанскаяобласть Алтай
23%
Кызылординская область Аральск
22%
Туркестанская область Кентау
21%
Жетысуская область Жаркент
21%
Акмолинская область Атбасар
21%
Восточно-Казахстанскаяобласть Зайсан
21%
Атырауская область Кульсары
19%
Западно-Казахстанскаяобласть Аксай
19%
Абайская область Шар/Чарск
19%
Акмолинская область Косшы
19%
Туркестанская область Сарыагаш
18%
Алытауская область Сатпаев
17%
Туркестанская область Арыс
17%
Актюбинская область Шалкар
17%
Туркестанская область Жетысай
17%
Абайская область Курчатов
17%
Мангистауская область Форт Шевченко
17%
Костанайская область Лисаковск
16%
Акмолинская область Макинск
16%
Карагандинская область Шахтинск
15%
Алматинская область Есик
15%
Жетысуская область Уштобе
15%
Актюбинская область Алга
15%
Акмолинская область Державинск
15%
Костанайская область Житикара
14%
Жамбылская область Каратау
14%
Акмолинская область Акколь
14%
Акмолинская область Есиль
14%
Актюбинская область Кандыагаш
13%
Акмолинская область Ерейментау
13%
Жетысуская область Текели
12%
Жамбылская область Жанатас
12%
Жетысуская область Ушарал
12%
Карагандинская область Сарань
11%
Туркестанская область Шардара
11%
Восточно-Казахстанскаяобласть Шемонаиха
11%
Актюбинская область Эмба
11%
Северо-Казахстанская область Сергеевка
11%
Акмолинская область Степняк
11%
Туркестанская область Ленгер
10%
Карагандинская область Приозёрск
10%
Северо-Казахстанскаяобласть Тайынша
10%
Восточно-Казахстанскаяобласть Серебрянск
10%
Северо-Казахстанская область Мамлютка
10%
Кызылординская область Казалинск
10%
Актюбинская область Жем
10%
Костанайская область Тобыл
9%
Жетысуская область Сарканд
9%
Карагандинская область Каркаралинск
9%
Улытауская область Каражал
9%
Северо-Казахстанская область Булаево
9%
Актюбинская область Храмтау
4%
No matching quizzes found
Score Distribution
Percent of People with Each Score
Percentile by Number Answered
Your Score History
You have not taken this quiz